| 000 | 00711nam a2200241 a 4500 | ||
|---|---|---|---|
| 001 | BRL_175 | ||
| 005 | 20190320210623.0 | ||
| 008 | 231012s1957----mx-a######---#000-0#spa-# | ||
| 041 | _aspa | ||
| 044 | _amx | ||
| 050 | 4 |
_aND50 _b.T54 3 1957 |
|
| 100 | 1 |
_aHoffmann, Edith _923123 |
|
| 245 | 1 | 0 |
_aEl expresionismo _cEdith Hoffmann ; traducción de Matilde Z. Horne. |
| 260 |
_aMéxico _bHermes _c1957 |
||
| 300 |
_a65 p. _bil. a color _c19 cm. |
||
| 440 | 0 |
_aTiempo y color _pPrimera serie: Tendencias de la pintura moderna _v3 _923124 |
|
| 500 | _aAu192 | ||
| 650 | 1 | 4 |
_aPintura _xHistoria _923125 |
| 650 | 1 | 4 |
_aExpresionismo _923126 |
| 700 | 1 |
_aHorne, Matilde Z. _etr. _923127 |
|
| 902 | _aGRL | ||
| 942 |
_2lcc _cB |
||
| 999 |
_c8988 _d8988 |
||